Recuperación de un cuento de la tradición oral a través del diseño /
Gorde:
| Egile nagusia: | |
|---|---|
| Beste egile batzuk: | |
| Formatua: | Tesis Liburua |
| Hizkuntza: | gaztelania |
| Gaiak: | |
| Etiketak: |
Etiketarik gabe, Izan zaitez lehena erregistro honi etiketa jartzen!
|
MARC
| LEADER | 00000nam^a2200000^a^4500 | ||
|---|---|---|---|
| 001 | 000288496 | ||
| 005 | 20250521000000.0 | ||
| 009 | 20260310111910.159 | ||
| 037 | |a Acervo ITESO - Biblioteca | ||
| 041 | |a ESP | ||
| 090 | |a DIS. 179 | ||
| 100 | |a Gallo Valdés, Ana Luisa |e (autor) | ||
| 245 | 1 | 0 | |a Recuperación de un cuento de la tradición oral a través del diseño / |c A.L. Gallo Valdés, P. Torres Guízar. |
| 264 | |a Guadalajara, México : |b edición de autor, |c 2009 | ||
| 300 | |a 1 disco compacto de computadora | ||
| 336 | |a datos para computadora |b cod |2 rdacontenido | ||
| 337 | |a computadora |b c |2 rdamedio | ||
| 338 | |a disco de computadora |b cd |2 rdasoporte | ||
| 502 | |a ITESO Tesis de Licenciatura en Diseño | ||
| 649 | |a XX | ||
| 650 | |a Cuentos Infantiles - |x Tema Principal | ||
| 650 | |a Literatura Oral | ||
| 650 | |a Literatura Popular | ||
| 650 | |a Literatura Infantil | ||
| 650 | |a Literatura Jalisciense | ||
| 650 | |a Literatura Mexicana | ||
| 650 | |a Ilustración de Libros y Manuscritos | ||
| 650 | |a Diseño Editorial - |x Tema Principal | ||
| 650 | |a Diseño del Producto | ||
| 650 | |a Diseño Gráfico | ||
| 700 | |a Torres Guízar, Paulina |e (autor) | ||
| 910 | |a Fondo General | ||
| 920 | |a Electrónicos - Tesis del ITESO en Disco | ||
| 905 | |a 202 | ||
| 901 | |a 0500175438 |b IT2 |c STS |u 20250521 | ||
| 902 | |a https://opac.biblio.iteso.mx/vufind/Record/000288496 | ||